Statistiques concernant Différentes cellules de l'hématopoïèse

Cliquez ici pour prendre le quiz!

Statistiques générales

  • Ce quiz a été pris 80 fois
  • Le résultat moyen est 9 sur 30

Statistiques - réponses

HintRéponse% Correct
2.5CFU-G
80%
2CFU-E
78%
2.5CFU-M
69%
4Hématie
65%
2CFU-Baso
49%
4Plaquette
49%
2CFU-Eo
47%
4Monocyte
47%
4Basophile
42%
4Neutrophile
42%
4Lymphocyte B
38%
4Lymphocyte T
38%
4Eosinophile
36%
2CFU-Meg
31%
4.5Macrophage
31%
3Erythroblaste
24%
3Mégacaryocyte
24%
0Cellule souche hématopoïétique
20%
4.5Plasmocyte
20%
3Myéloblaste
18%
4Cellule Dendritique
11%
4Lymphocyte NK
11%
2CFU-GM
7%
3Monoblaste
4%
2Pro-B
4%
3Pré-B
2%
1Progéniteur Lymphoïde Commun
2%
1Progéniteur Myéloïde Commun
2%
2Pro-Thymocyte
2%
3Thymocyte
2%

Distribution des résultats

Percentile par nombre de réponses

% des personnes avec chaque résultat

Votre développement - résultats

Vous n’avez pas pris ce quiz